| 000 | 00834nam a2200205Ia 4500 | ||
|---|---|---|---|
| 003 | GCL | ||
| 005 | 20240530101821.0 | ||
| 008 | 140319s9999 xx 000 0 ara d | ||
| 040 |
_aGCL / _cGCL |
||
| 082 | 0 | 4 |
_a940.18 _bس ح |
| 100 | 1 | _aسهيل زكار | |
| 245 | 1 | 0 |
_aالحروب الصليبية : _bالحملتان الاولى والثانية حسب روايات شهود عيان كتبت اصلا بالاغريقية والسريانية والعربية / _cسهيل زكار |
| 250 | _aالاولى | ||
| 260 |
_aسوريا : _bدار حسان للطباعة والنشر ، _c1984 |
||
| 300 |
_a2 مج ؛ _c24 سم |
||
| 650 | 0 | 4 | _aالحروب الصليبية فى فلسطين والشام |
| 650 | 0 | 4 | _aالحروب الصليبية فى مصر |
| 650 | 0 | 4 | _aالدولة الايوبية |
| 942 |
_2ddc _cBK |
||
| 999 |
_c27914 _d27914 |
||